000 00985nam a2200265Ia 4500
003 OSt
005 20221005104134.0
006 a|||||r|||| 00| 0
007 ta
008 221004b |||||||| |||| 00| 0 hin d
020 _a9789382658344 (hbk)
_c495
024 _a17284
037 _b87, 09/02/2015, Mallika Books
_cTextual
040 _aCRL
_cCRL
_bhin
041 _2hin
_ahin
082 _aO152v, Q4
100 _aअरूण कुमार
245 0 _aहिन्दी साहित्य के इतिहास का बिंदुवार अध्ययन
246 _aHindī sāhitya ke itihās kā bianduvār adhyayana
260 _aदिल्ली
_bदिव्यम् प्रकाशन भारत
_c2014
300 _a168पृ0
_ccm.
650 _aहिन्दी साहित्य
942 _hO152v, Q4
_cTEXL
_2cc
999 _c1011840
_d1011840